El régimen de Pinochet.

שמור ב:
מידע ביבליוגרפי
מחבר ראשי: Huneeus Madge, Carlos (autor)
פורמט: ספר
שפה:ספרדית
יצא לאור: Santiago, Chile: Sudamericana, 2000.
סדרה:Crónicas y Testimonios.
נושאים:
תגים: הוספת תג
אין תגיות, היה/י הראשונ/ה לתייג את הרשומה!

MARC

LEADER 00000nam a2200000 a 4500
001 UCN2511
003 CL-VaPUC
005 20250108085737.0
008 010530e20000000CL |||||||||||||||||spa|d
999 |c 295607  |d 295605 
020 |a 956-262-126-XX 
040 |c Pontificia Universidad Católica de Valparaíso 
082 0 4 |a 983.065 HUN 2000  |2 21 
100 |a Huneeus Madge, Carlos  |e autor  |9 578920 
245 1 3 |a El régimen de Pinochet. 
260 |a Santiago, Chile:  |b Sudamericana,  |c 2000. 
300 |a 670 páginas. 
490 0 |a Crónicas y Testimonios. 
500 |a c.5: Donación P.I.I.E. 2-12-2024. 
583 |a last modification  |c 20120627 03:29:07  |k Rodrigo Vera 
600 0 |a Pinochet Ugarte, Augusto,  |9 374419  |e 1915-2006  |v Crítica e interpretación 
650 0 |a Dictadura militar  |9 389291  |y 1973-1990  |z Chile 
650 0 |a Autoritarismo  |x Economía y política  |z Chile  |9 295297 
650 0 |a Military dictatorship  |9 894865  |x Economy and politics  |y 1973-1990  |z Chile 
942 |c BK  |2 ddc 
945 |d 20010530 00:00:00  |a vberengu 
952 |0 0  |1 0  |4 0  |6 983_065000000000000_HUN_2000  |7 0  |8 A  |9 348875  |a BIBHIS  |b BIBHIS  |d 2019-11-20  |i 3709825  |l 7  |o 983.065 HUN 2000  |p 3709825  |r 2025-01-20  |s 2024-10-21  |w 2019-11-20  |y BK  |k HIS 
952 |0 0  |1 0  |4 0  |6 983_065000000000000_HUN_2000  |7 0  |8 A  |9 348876  |a BIBHIS  |b BIBHIS  |d 2019-11-20  |i 3712605  |l 3  |m 1  |o 983.065 HUN 2000  |p 3712605  |r 2025-01-20  |s 2024-10-03  |w 2019-11-20  |y BK  |k HIS 
952 |0 0  |1 0  |4 0  |6 983_065000000000000_HUN_2000  |7 0  |8 A  |9 348877  |a BIBHIS  |b BIBHIS  |d 2019-11-20  |i 3744639  |l 7  |m 1  |o 983.065 HUN 2000  |p 3744639  |r 2025-01-20  |s 2024-10-08  |w 2019-11-20  |y BK  |k HIS 
952 |0 0  |1 0  |4 0  |6 983_065000000000000_HUN_2000  |7 0  |8 A  |9 348878  |a BIBHIS  |b BIBHIS  |d 2019-11-20  |i 4224213  |l 10  |o 983.065 HUN 2000  |p 4224213  |r 2025-04-29  |s 2025-04-14  |w 2019-11-20  |y BK  |k HIS 
952 |0 0  |1 0  |2 ddc  |4 0  |6 983_065000000000000_HUN_2000  |7 0  |8 A  |9 598671  |a BIBGIM  |b BIBGIM  |d 2024-12-13  |e Donación  |i 5663615  |o 983.065 HUN 2000  |p 5663615  |r 2025-01-15  |t 5  |w 2024-12-13  |y BK  |k ELE